<?xml version="1.0" encoding="UTF-8"?>
<record
    xmlns:xsi="http://www.w3.org/2001/XMLSchema-instance"
    xsi:schemaLocation="http://www.loc.gov/MARC21/slim http://www.loc.gov/standards/marcxml/schema/MARC21slim.xsd"
    xmlns="http://www.loc.gov/MARC21/slim">

  <leader>01200nam a22002057a 4500</leader>
  <controlfield tag="005">20220106115934.0</controlfield>
  <controlfield tag="008">220106b           ||||| |||| 00| 0 eng d</controlfield>
  <datafield tag="020" ind1=" " ind2=" ">
    <subfield code="a">9788193503300</subfield>
  </datafield>
  <datafield tag="040" ind1=" " ind2=" ">
    <subfield code="c">AL</subfield>
  </datafield>
  <datafield tag="041" ind1=" " ind2=" ">
    <subfield code="a">eng</subfield>
  </datafield>
  <datafield tag="082" ind1=" " ind2=" ">
    <subfield code="2">23</subfield>
    <subfield code="a">820.33</subfield>
    <subfield code="b">MISD</subfield>
  </datafield>
  <datafield tag="100" ind1=" " ind2=" ">
    <subfield code="a">Kevin Missal</subfield>
    <subfield code="9">12593</subfield>
  </datafield>
  <datafield tag="245" ind1=" " ind2=" ">
    <subfield code="a">Dharmayoddha kalki </subfield>
    <subfield code="b">Avatar of vishnu</subfield>
  </datafield>
  <datafield tag="260" ind1=" " ind2=" ">
    <subfield code="a">New DelhiFinger Print</subfield>
    <subfield code="b">Finger Print</subfield>
    <subfield code="c">2018</subfield>
  </datafield>
  <datafield tag="300" ind1=" " ind2=" ">
    <subfield code="a">463p</subfield>
    <subfield code="b">PB</subfield>
    <subfield code="c">19.5x13cm.</subfield>
  </datafield>
  <datafield tag="365" ind1=" " ind2=" ">
    <subfield code="a">4477</subfield>
    <subfield code="b">&#x20B9;233.22</subfield>
    <subfield code="c">&#x20B9;</subfield>
    <subfield code="d">&#x20B9;299.00</subfield>
    <subfield code="e">22%</subfield>
  </datafield>
  <datafield tag="520" ind1=" " ind2=" ">
    <subfield code="a">Born in the quiet village of Shambala, Kalki Hari, son of Vishnuyath and Sumati, has no idea about his heritage until he is pitted against tragedies and battles.Whisked into the province of Keekatpur, which is under the fist of Lord Kali, Kalki sees the ignominy of death trumping life all around him. He learns that he has been born to cleanse the world he lives in for which he must journey to the North and learn the ways of Lord Vishnu&#x2019;s Avatar; from an immortal who wields an axe.But trapped in the midst of betrayals political intrigue and forces that seek to decimate him, will he be able to follow his destiny before the Kaliyug begins?</subfield>
  </datafield>
  <datafield tag="650" ind1=" " ind2=" ">
    <subfield code="a">Literature</subfield>
    <subfield code="9">12594</subfield>
  </datafield>
  <datafield tag="942" ind1=" " ind2=" ">
    <subfield code="2">ddc</subfield>
    <subfield code="c">BK</subfield>
  </datafield>
  <datafield tag="999" ind1=" " ind2=" ">
    <subfield code="c">221099</subfield>
    <subfield code="d">221099</subfield>
  </datafield>
  <datafield tag="952" ind1=" " ind2=" ">
    <subfield code="0">0</subfield>
    <subfield code="1">0</subfield>
    <subfield code="2">ddc</subfield>
    <subfield code="4">0</subfield>
    <subfield code="7">0</subfield>
    <subfield code="8">GEN</subfield>
    <subfield code="a">SACPG</subfield>
    <subfield code="b">SACPG</subfield>
    <subfield code="d">2021-12-30</subfield>
    <subfield code="e">Biblios Book Point</subfield>
    <subfield code="g">232.22</subfield>
    <subfield code="l">2</subfield>
    <subfield code="o">820.33 MISD</subfield>
    <subfield code="p">PG023510</subfield>
    <subfield code="r">2025-12-18 16:09:19</subfield>
    <subfield code="s">2025-12-08</subfield>
    <subfield code="v">299.00</subfield>
    <subfield code="w">2022-01-06</subfield>
    <subfield code="y">BK</subfield>
  </datafield>
</record>
